书目信息 |
| 题名: |
全世界孩子都爱做的2100个思维游戏
|
|
| 作者: | 刘敬余 主编 | |
| 分册: | 第二辑 数字游戏篇 | |
| 出版信息: | 北京 北京教育出版社 2019.07 |
|
| 页数: | 116页 | |
| 开本: | 24cm | |
| 丛书名: | ||
| 单 册: | ||
| 中图分类: | G898.2 , N49 | |
| 科图分类: | ||
| 主题词: | 智力游戏--zhi li you xi--青少年读物 , 自然科学--zi ran ke xue--青少年读物 | |
| 电子资源: | ||
| ISBN: | 978-7-5704-1421-5 | |
| 000 | 01109nam0 2200265 450 | |
| 001 | 469811 | |
| 005 | 20201119144847.12 | |
| 010 | @a978-7-5704-1421-5@dCNY21.00 | |
| 100 | @a20191216d2019 demy0chiy50 ea | |
| 101 | 0 | @achi |
| 102 | @aCN@b110000 | |
| 105 | @aa z 000yy | |
| 106 | @ar | |
| 200 | 1 | @a全世界孩子都爱做的2100个思维游戏@9quan shi jie hai zi dou ai zuo de 2100 ge si wei you xi@h第二辑@i数字游戏篇@f刘敬余主编 |
| 210 | @a北京@c北京教育出版社@d2019.07 | |
| 215 | @a116页@c图@d24cm | |
| 300 | @a5分钟玩出专注力 | |
| 330 | @a《全世界孩子都爱做的2100个思维游戏第二辑》是一套专为6-13岁孩子们打造的一套课外读物,内容包括数字游戏、科学游戏、火柴棍游戏和数独游戏四篇,分角度训练孩子的各种思维能力,全面提升孩子的专注力,让孩子变得越来越聪明。从而培养孩子的学习兴趣和求知欲。适时出现的小插件,进一步挖掘孩子大脑潜能,让教育更加科学。 | |
| 606 | 0 | @a智力游戏@9zhi li you xi@j青少年读物 |
| 606 | 0 | @a自然科学@9zi ran ke xue@j青少年读物 |
| 690 | @aG898.2@v5 | |
| 690 | @aN49@v5 | |
| 701 | 0 | @a刘敬余@9liu jing yu@4主编 |
| 801 | 0 | @aCN@bBJSZM@c20201119 |
| 905 | @b1268635-9@dG898.2@e479:3@f5 | |
| 全世界孩子都爱做的2100个思维游戏.第二辑.数字游戏篇/刘敬余主编.-北京:北京教育出版社,2019.07 |
| 116页:图;24cm |
| 5分钟玩出专注力 |
| ISBN 978-7-5704-1421-5:CNY21.00 |
| 《全世界孩子都爱做的2100个思维游戏第二辑》是一套专为6-13岁孩子们打造的一套课外读物,内容包括数字游戏、科学游戏、火柴棍游戏和数独游戏四篇,分角度训练孩子的各种思维能力,全面提升孩子的专注力,让孩子变得越来越聪明。从而培养孩子的学习兴趣和求知欲。适时出现的小插件,进一步挖掘孩子大脑潜能,让教育更加科学。 |
| ● |
| 相关链接 |
|
|
|
|
正题名:全世界孩子都爱做的2100个思维游戏
索取号:G898.2/479:3
 
预约/预借
| 序号 | 登录号 | 条形码 | 馆藏地/架位号 | 状态 | 备注 |
| 1 | 1268635 | 212686351 | 第一样本阅览室/ [索取号:G898.2/479:3] | 在馆 | |
| 2 | 1268636 | 212686360 | 教育系资料室/ [索取号:G898.2/479:3] | 在馆 | |
| 3 | 1268637 | 212686379 | 教育系资料室/ [索取号:G898.2/479:3] | 在馆 | |
| 4 | 1268638 | 212686388 | 第四借阅区/ [索取号:G898.2/479:3] | 在馆 | |
| 5 | 1268639 | 212686397 | 第四借阅区/ [索取号:G898.2/479:3] | 在馆 |